Hedonic model of court auction residential housing market in the Taipei metropolitan area (Record no. 106987)

MARC details
000 -LEADER
fixed length control field 01035cam a22002055a 4500
001 - CONTROL NUMBER
control field L138053
008 - FIXED-LENGTH DATA ELEMENTS--GENERAL INFORMATION
fixed length control field 070514e2007 xxk f 100 0 eng d
035 ## - SYSTEM CONTROL NUMBER
System control number (Sirsi) u138053
041 0# - LANGUAGE CODE
Language code of text/sound track or separate title eng
100 1# - MAIN ENTRY--PERSONAL NAME
Personal name Lin, Vickey Chiu-Chin
245 00 - TITLE STATEMENT
Title Hedonic model of court auction residential housing market in the Taipei metropolitan area
Medium [electronic resource]
260 ## - PUBLICATION, DISTRIBUTION, ETC.
Date of publication, distribution, etc. 2005
490 #0 - SERIES STATEMENT
Series statement COBRA
Volume/sequential designation 2005
520 ## - SUMMARY, ETC.
Summary, etc. Reports that court auction of real estate in the Taiwanese domestic residential housing market accounts for a high level of market share. Reports that the high returns ratio has been the driving force behind the entry of investors into the market.
651 #4 - SUBJECT ADDED ENTRY--GEOGRAPHIC NAME
Geographic name TAIWAN
690 ## - LOCAL SUBJECT ADDED ENTRY--TOPICAL TERM (OCLC, RLIN)
Topical term or geographic name as entry element PROPERTY-RESIDENTIAL PROPERTY-AUCTIONEERING RESIDENTIAL PROPERTY
711 2# - ADDED ENTRY--MEETING NAME
Meeting name or jurisdiction name as entry element Construction and Building Research Conference
Number of part/section/meeting 10th
Location of meeting University of Queensland, Brisbane
Date of meeting or treaty signing 4-5 July 2005
856 40 - ELECTRONIC LOCATION AND ACCESS
Uniform Resource Identifier <a href="https://www.rics.org/RICSWEB/getpage.aspx?p=-ye0hcuMh06y6uItEuEbgA">https://www.rics.org/RICSWEB/getpage.aspx?p=-ye0hcuMh06y6uItEuEbgA</a>
Public note View the item free of charge at www.rics.org...
942 ## - ADDED ENTRY ELEMENTS (KOHA)
Suppress in OPAC 0
Holdings
Withdrawn status Lost status Source of classification or shelving scheme Damaged status Not for loan Home library Current library Shelving location Date acquired Total Checkouts Full call number Barcode Date last seen Copy number Price effective from Koha item type
    Dewey Decimal Classification     Virtual Virtual Online 14/05/2007   ONLINE PUBLICATION 138053-2001 06/08/2019 1 06/08/2019 Book